[Event "Jeunes Espoirs"]
[Site "Montreal CAN"]
[Date "2013.06.21"]
[Round "1"]
[White "Luo, Zhao Yang"]
[Black "Chiku-Ratte, Olivier-Kenta"]
[Result "0-1"]
[WhiteElo "1962"]
[BlackElo "2106"]
[PlyCount "110"]
[EventDate "2013.06.21"]
[EventType "tourn"]
[EventRounds "10"]
[EventCountry "CAN"]

1. d4 Nf6 2. Nf3 c5 3. e3 b6 4. Bd3 Bb7 5. O-O g6 6. a4 Bg7 7. a5 O-O 8. c4 e6
9. Nc3 d6 10. Bd2 Re8 11. Be2 Ne4 12. Nxe4 Bxe4 13. Bc3 Nd7 14. Nd2 Bc6 15. Bf3
Qc7 16. Bxc6 Qxc6 17. Qa4 Qb7 18. Rfd1 Reb8 19. Nb3 b5 20. a6 Qb6 21. cxb5 Qxb5
22. Na5 d5 23. Nb7 Qxa4 24. Rxa4 cxd4 25. exd4 Rc8 26. Kf1 Rc6 27. Ke2 Rac8 28.
Kd3 Bf8 29. Rc1 f6 30. f4 Bh6 31. g3 e5 32. Rf1 Nb6 33. Ra5 e4+ 34. Ke2 f5 35.
Rc5 Bf8 36. Rxc6 Rxc6 37. Na5 Rc7 38. Ra1 Kf7 39. Kd2 Ke6 40. b4 Nc4+ 41. Nxc4
Rxc4 42. b5 Bb4 43. Bxb4 Rxb4 44. Rc1 Rxd4+ 45. Ke3 Rb4 46. Rc7 d4+ 47. Kd2
Rxb5 48. Rxa7 e3+ 49. Kd3 Rb3+ 50. Kxd4 e2 51. Ra8 Ke7 52. a7 e1=Q 53. Re8+
Kxe8 54. a8=Q+ Kf7 55. Qa7+ Qe7 0-1

[Event "Jeunes Espoirs"]
[Site "Montreal CAN"]
[Date "2013.06.22"]
[Round "2"]
[White "Chiku-Ratte, Olivier-Kenta"]
[Black "Lopez Linares, Lizandro"]
[Result "1-0"]
[WhiteElo "2106"]
[BlackElo "2020"]
[PlyCount "72"]
[EventDate "2013.06.21"]
[EventType "tourn"]
[EventRounds "10"]
[EventCountry "CAN"]

1. d4 d5 2. c4 c6 3. Nf3 Nf6 4. Nc3 dxc4 5. a4 Bf5 6. Ne5 Nbd7 7. Nxc4 Nb6 8.
Ne5 a5 9. g3 e6 10. Bg2 Bb4 11. O-O O-O 12. e3 h6 13. Qe2 Bh7 14. Rd1 Qe7 15.
e4 Rfd8 16. Bf4 Rac8 17. Nd3 Nfd7 18. f3 Bd6 19. Be3 Nc4 20. Bf2 Ncb6 21. Rac1
Bb4 22. b3 Ba3 23. Rc2 f5 24. Bh3 fxe4 25. fxe4 Bd6 26. Qh5 Ra8 27. Nc5 Bxc5
28. dxc5 Nf6 29. Rxd8+ Rxd8 30. Qe5 Nbd7 31. Qxe6+ Qxe6 32. Bxe6+ Kh8 33. Rd2
Re8 34. Bxd7 Rd8 35. e5 Rxd7 36. Rd6 h5 1-0

[Event "Jeunes Espoirs"]
[Site "Montreal CAN"]
[Date "2013.06.22"]
[Round "3"]
[White "Nikulich, Oleksandr"]
[Black "Chiku-Ratte, Olivier-Kenta"]
[Result "0-1"]
[WhiteElo "1929"]
[BlackElo "2106"]
[PlyCount "118"]
[EventDate "2013.06.21"]
[EventType "tourn"]
[EventRounds "10"]
[EventCountry "CAN"]

1. Nf3 Nf6 2. c4 c5 3. Nc3 Nc6 4. g3 g6 5. Bg2 Bg7 6. O-O O-O 7. d3 b6 8. h3
Rb8 9. Be3 Bb7 10. Qd2 Re8 11. Bh6 Bh8 12. Bg5 d6 13. Ne1 Qc8 14. Nc2 a6 15.
Ne3 Nd4 16. Nc2 Bxg2 17. Kxg2 Qb7+ 18. Kh2 Nxc2 19. Qxc2 b5 20. Rab1 Qd7 21.
Qd2 bxc4 22. dxc4 Qe6 23. b3 Ne4 24. Nxe4 Qxe4 25. Rbd1 Rb4 26. Qd3 Qxd3 27.
Rxd3 a5 28. Bd2 Rb7 29. Bxa5 Ra8 30. Bd2 Rxa2 31. Rb1 Rc2 32. Kg2 Rxc4 33. bxc4
Rxb1 34. Ra3 h5 35. Ra8+ Kh7 36. Rf8 Bf6 37. Kf3 Rb2 38. Be3 Kg7 39. Re8 Rb4
40. g4 hxg4+ 41. hxg4 g5 42. Bd2 Rxc4 43. Ba5 Ra4 44. Bd2 Ra3+ 45. e3 Ra2 46.
Be1 c4 47. Rc8 d5 48. Kg2 Rc2 49. Bb4 e5 50. Bf8+ Kh7 51. Rc6 Bg7 52. Be7 d4
53. exd4 exd4 54. Bxg5 d3 55. Kf3 Bd4 56. Bh4 d2 57. Ke2 c3 58. Bg5 Rc1 59.
Bxd2 cxd2 0-1

[Event "Jeunes Espoirs"]
[Site "Montreal CAN"]
[Date "2013.06.23"]
[Round "4"]
[White "Chiku-Ratte, Olivier-Kenta"]
[Black "Sprumont, Oscar"]
[Result "1/2-1/2"]
[WhiteElo "2106"]
[BlackElo "1955"]
[PlyCount "109"]
[EventDate "2013.06.21"]
[EventType "tourn"]
[EventRounds "10"]
[EventCountry "CAN"]

1. d4 Nf6 2. c4 g6 3. Nc3 d5 4. cxd5 Nxd5 5. e4 Nxc3 6. bxc3 Bg7 7. Nf3 c5 8.
Rb1 O-O 9. Be2 cxd4 10. cxd4 Qa5+ 11. Bd2 Qxa2 12. O-O Bg4 13. Bg5 h6 14. Be3
Nc6 15. d5 Bxf3 16. gxf3 Na5 17. Qd2 Qxd2 18. Bxd2 b6 19. Bb4 Rfe8 20. Bb5 e6
21. Bxe8 Rxe8 22. Bxa5 bxa5 23. Rfd1 exd5 24. exd5 a4 25. Rb4 a3 26. Ra4 Bb2
27. Rxa7 Kg7 28. d6 Kf6 29. d7 Rd8 30. Kf1 Ke6 31. Ke2 Be5 32. Rxa3 Rxd7 33.
Rxd7 Kxd7 34. Ra7+ Ke6 35. h3 f6 36. Ke3 Kf5 37. Ra5 g5 38. h4 Kg6 39. hxg5
hxg5 40. Ke4 Bh2 41. Ra1 Be5 42. Rh1 Bc7 43. Rc1 Bh2 44. Rc8 Bg1 45. Ke3 Bh2
46. Rh8 Bc7 47. Ke4 Bb6 48. Rh2 Bc7 49. Rg2 Bb8 50. Rg1 Bc7 51. Rb1 Bh2 52. Rd1
Bc7 53. Rb1 Bh2 54. Ra1 Bc7 55. Rb1 1/2-1/2

[Event "Jeunes Espoirs"]
[Site "Montreal CAN"]
[Date "2013.06.28"]
[Round "6"]
[White "Chiku-Ratte, Olivier-Kenta"]
[Black "Luo, Zhao Yang"]
[Result "1-0"]
[WhiteElo "2106"]
[BlackElo "1962"]
[PlyCount "90"]
[EventDate "2013.06.21"]
[EventType "tourn"]
[EventRounds "10"]
[EventCountry "CAN"]

1. d4 g6 2. c4 c5 3. d5 e5 4. e4 d6 5. Nc3 Bh6 6. Bxh6 Nxh6 7. Qd2 Ng4 8. f3
Nf6 9. g4 Na6 10. h4 h5 11. g5 Nd7 12. Bh3 Nc7 13. f4 exf4 14. Bxd7+ Bxd7 15.
Qxf4 Qe7 16. Nf3 Bg4 17. Nh2 Bh3 18. Qg3 Bd7 19. O-O O-O-O 20. Rae1 Rhf8 21.
Rf6 Ne8 22. e5 Bf5 23. e6 fxe6 24. Rxf8 Qxf8 25. dxe6 Qg7 26. Nf3 Qg8 27. Nd5
Qg7 28. e7 Rd7 29. Nf6 Qf7 30. Nxd7 Kxd7 31. Qf4 Be6 32. Qe4 Kxe7 33. Qxb7+ Kf8
34. Qxf7+ Kxf7 35. Nd2 Ng7 36. Rf1+ Nf5 37. Rf4 Ke7 38. Nf3 Kd7 39. Kf2 a6 40.
b3 a5 41. Ke2 Ng3+ 42. Ke3 Bf5 43. Nd2 Be6 44. Ne4 Nxe4 45. Rxe4 Bh3 1-0

[Event "Jeunes Espoirs"]
[Site "Montreal CAN"]
[Date "2013.06.29"]
[Round "7"]
[White "Lopez Linares, Lizandro"]
[Black "Chiku-Ratte, Olivier-Kenta"]
[Result "0-1"]
[WhiteElo "2020"]
[BlackElo "2106"]
[PlyCount "80"]
[EventDate "2013.06.21"]
[EventType "tourn"]
[EventRounds "10"]
[EventCountry "CAN"]

1. d4 Nf6 2. Nf3 c5 3. e3 b6 4. Bd3 Bb7 5. Nbd2 g6 6. Qe2 Bg7 7. O-O O-O 8. Re1
d6 9. c3 e6 10. b4 Nd5 11. Bb2 cxb4 12. c4 Nc7 13. a3 bxa3 14. Bxa3 Re8 15.
Rab1 Bf8 16. Rec1 Nd7 17. e4 e5 18. d5 Na6 19. Nf1 Nac5 20. Ng3 Rc8 21. h4 h5
22. Rc2 Bh6 23. Ra2 a5 24. Bc1 Bxc1 25. Rxc1 Qf6 26. Rb1 Ba6 27. Bc2 Nb7 28.
Bd3 Rc7 29. Nf1 Nbc5 30. Bc2 Rb8 31. Ne3 Rcb7 32. Rab2 Nf8 33. g3 Nh7 34. Kg2
Qe7 35. Nd2 Nf6 36. f3 Qd7 37. Ra1 a4 38. f4 exf4 39. gxf4 Re8 40. Qf3 b5 0-1

[Event "Jeunes Espoirs"]
[Site "Montreal CAN"]
[Date "2013.06.29"]
[Round "8"]
[White "Chiku-Ratte, Olivier-Kenta"]
[Black "Nikulich, Oleksandr"]
[Result "1/2-1/2"]
[WhiteElo "2106"]
[BlackElo "1929"]
[PlyCount "64"]
[EventDate "2013.06.21"]
[EventType "tourn"]
[EventRounds "10"]
[EventCountry "CAN"]

1. d4 Nf6 2. c4 e6 3. Nc3 Bb4 4. e3 O-O 5. Bd3 d5 6. Nf3 c6 7. O-O Nbd7 8. a3
Bd6 9. e4 dxe4 10. Nxe4 Nxe4 11. Bxe4 e5 12. Bc2 exd4 13. Qd3 f5 14. Bg5 Ne5
15. Nxe5 Qxg5 16. Qxd4 Bxe5 17. Qxe5 Qf6 18. Rfe1 Bd7 19. Rad1 Rae8 20. Qxf6
Rxe1+ 21. Rxe1 Rxf6 22. Rd1 Be6 23. b3 Rf8 24. f4 Kf7 25. Kf2 c5 26. Re1 g6 27.
Re5 b6 28. Ke3 Rd8 29. Bd3 a5 30. Bc2 Rd4 31. a4 Kf6 32. Bd3 Rd8 1/2-1/2

[Event "Jeunes Espoirs"]
[Site "Montreal CAN"]
[Date "2013.06.30"]
[Round "9"]
[White "Sprumont, Oscar"]
[Black "Chiku-Ratte, Olivier-Kenta"]
[Result "0-1"]
[WhiteElo "1955"]
[BlackElo "2106"]
[PlyCount "148"]
[EventDate "2013.06.21"]
[EventType "tourn"]
[EventRounds "10"]
[EventCountry "CAN"]

1. Nf3 Nf6 2. c4 c5 3. d4 cxd4 4. Nxd4 g6 5. Nc3 Bg7 6. g3 Nc6 7. Bg2 Nxd4 8.
Qxd4 O-O 9. O-O d6 10. Qd3 a6 11. Rd1 Qc7 12. Bg5 Bf5 13. e4 Be6 14. Rac1 Ng4
15. Nd5 Bxd5 16. cxd5 Qb6 17. Qe2 Nf6 18. Bh3 h6 19. Be3 Qa5 20. Bd4 Qxa2 21.
Rc7 Rfe8 22. Rxb7 Rab8 23. Ra7 a5 24. Qe1 Ra8 25. Rb7 Qc4 26. Qe3 Qc2 27. Re1
Rab8 28. Ra7 Rb4 29. Qc3 Qa4 30. Bxf6 Bxf6 31. Qc6 Reb8 32. Qxa4 Rxa4 33. Rb1
Rxe4 34. Rxa5 Reb4 35. Ra2 Bxb2 36. Kf1 Kg7 37. Bg2 Kf6 38. Ke2 R8b7 39. Kd3
Bd4 40. Rxb4 Rxb4 41. Re2 Bc5 42. f4 Rd4+ 43. Kc2 g5 44. fxg5+ hxg5 45. Rf2+
Kg6 46. Re2 Kf6 47. Rf2+ Kg7 48. Re2 Kf8 49. Re1 Ke8 50. Re2 Kd7 51. Re4 e6 52.
Rxd4 Bxd4 53. g4 Ke7 54. Kd3 Be5 55. h3 Kf6 56. Be4 Bg3 57. Ke3 Ke5 58. dxe6
fxe6 59. Bh7 Bf4+ 60. Kd3 d5 61. Bg8 Kd6 62. Bf7 e5 63. Bg6 Bg3 64. Bf5 Bh4 65.
Bg6 e4+ 66. Bxe4 dxe4+ 67. Kxe4 Kc5 68. Ke3 Kc4 69. Ke4 Kc3 70. Ke3 Kc2 71. Ke2
Kc1 72. Ke3 Kd1 73. Kd3 Ke1 74. Ke3 Kf1 0-1

[Event "Jeunes Espoirs"]
[Site "Montreal CAN"]
[Date "2013.06.30"]
[Round "10"]
[White "Chiku-Ratte, Olivier-Kenta"]
[Black "Zhu, Hong Rui"]
[Result "1/2-1/2"]
[WhiteElo "2106"]
[BlackElo "2034"]
[PlyCount "51"]
[EventDate "2013.06.21"]
[EventType "tourn"]
[EventRounds "10"]
[EventCountry "CAN"]

1. d4 Nf6 2. c4 e6 3. Nc3 d5 4. cxd5 exd5 5. Bg5 Be7 6. Qc2 c6 7. e3 O-O 8. Bd3
Nbd7 9. Nf3 Re8 10. O-O Nf8 11. h3 Be6 12. Rab1 Ne4 13. Bxe7 Rxe7 14. b4 Nxc3
15. Qxc3 Rc8 16. Rbc1 Ng6 17. Qb2 Rec7 18. a4 Nh4 19. Nxh4 Qxh4 20. Rc3 Qe7 21.
Rfc1 h6 22. Rc5 Qd6 23. Qa3 Bd7 24. Qb2 Be6 25. f3 Bd7 26. R5c3 1/2-1/2

[Event "Montreal CC-ch"]
[Site "Montreal CAN"]
[Date "2013.06.14"]
[Round "1"]
[White "Chiku-Ratte, Olivier-Kenta"]
[Black "Perrault, Marc"]
[Result "1-0"]
[WhiteElo "2232"]
[BlackElo "1534"]
[PlyCount "55"]
[EventDate "2013.06.14"]
[EventType "swiss"]
[EventRounds "5"]
[EventCountry "CAN"]

1. d4 Nf6 2. c4 e5 3. dxe5 Ng4 4. Bf4 Nc6 5. Nf3 Bb4+ 6. Nbd2 Qe7 7. e3 Ngxe5
8. Nxe5 Nxe5 9. Be2 d6 10. O-O O-O 11. Nb3 Rd8 12. Qc2 d5 13. cxd5 Rxd5 14. Qe4
c6 15. Kh1 Ng6 16. Qxe7 Bxe7 17. Bg3 Bf6 18. Bc4 Rd8 19. Rad1 Bf5 20. Nd4 Ne7
21. Nxf5 Nxf5 22. Bc7 Re8 23. Rd7 Re7 24. Rfd1 g6 25. Rd8+ Rxd8 26. Bxd8 Re4
27. Bxf6 Rxc4 28. Rd8# 1-0

[Event "Montreal CC-ch"]
[Site "Montreal CAN"]
[Date "2013.06.15"]
[Round "2"]
[White "Leung, Chin"]
[Black "Chiku-Ratte, Olivier-Kenta"]
[Result "0-1"]
[WhiteElo "1854"]
[BlackElo "2232"]
[PlyCount "64"]
[EventDate "2013.06.14"]
[EventType "swiss"]
[EventRounds "5"]
[EventCountry "CAN"]

1. e4 c5 2. Nf3 d6 3. d4 cxd4 4. Nxd4 Nf6 5. Nc3 g6 6. f4 Nc6 7. Nxc6 bxc6 8.
e5 Nd7 9. exd6 exd6 10. Be3 Be7 11. Qd4 O-O 12. O-O-O d5 13. g4 Re8 14. Qd2 Qa5
15. Qf2 Bb4 16. Bd2 Nf6 17. g5 Ne4 18. Nxe4 Rxe4 19. Bxb4 Qxb4 20. Bd3 Rxf4 21.
Qe3 Be6 22. c3 Qd6 23. h4 Bg4 24. Rde1 d4 25. cxd4 Rxd4 26. Bc2 Qc5 27. Qc3 Rc4
28. Qb3 Be6 29. Rh2 Rxh4 30. Qg3 Rxh2 31. Qxh2 Qxg5+ 32. Kb1 Bxa2+ 0-1

[Event "Montreal CC-ch"]
[Site "Montreal CAN"]
[Date "2013.06.15"]
[Round "3"]
[White "Chiku-Ratte, Olivier-Kenta"]
[Black "Lalonde, Paul"]
[Result "1-0"]
[WhiteElo "2232"]
[BlackElo "1873"]
[PlyCount "55"]
[EventDate "2013.06.14"]
[EventType "swiss"]
[EventRounds "5"]
[EventCountry "CAN"]

1. d4 Nf6 2. c4 e6 3. Nc3 Bb4 4. e3 c5 5. Nge2 cxd4 6. exd4 O-O 7. a3 Be7 8.
Nf4 d5 9. cxd5 Nxd5 10. Ncxd5 exd5 11. Bd3 Nc6 12. O-O Bf6 13. Be3 Qd6 14. Qd2
Kh8 15. Bc2 g6 16. Rac1 Be6 17. Ne2 Rfe8 18. Ba4 Rac8 19. Nc3 a6 20. Bb3 Na5
21. Ba2 Nc4 22. Bxc4 Rxc4 23. Rcd1 Rec8 24. Bf4 Qc6 25. Qe3 b5 26. Be5 Bg7 27.
h4 h5 28. Qh6+ 1-0

[Event "Montreal CC-ch"]
[Site "Montreal CAN"]
[Date "2013.06.16"]
[Round "4"]
[White "Levkovsky, Alexandre"]
[Black "Chiku-Ratte, Olivier-Kenta"]
[Result "0-1"]
[WhiteElo "2298"]
[BlackElo "2232"]
[PlyCount "98"]
[EventDate "2013.06.14"]
[EventType "swiss"]
[EventRounds "5"]
[EventCountry "CAN"]

1. d4 Nf6 2. c4 c5 3. d5 e6 4. Nc3 exd5 5. cxd5 d6 6. Nf3 g6 7. Bf4 a6 8. a4
Bg7 9. h3 O-O 10. e3 Re8 11. Nd2 Nbd7 12. Nc4 Ne4 13. Nxe4 Rxe4 14. Bd3 Rxc4
15. Bxc4 Bxb2 16. Rb1 Qa5+ 17. Ke2 Be5 18. Qb3 Rb8 19. Bxe5 Nxe5 20. Ra1 Bf5
21. f3 Qc7 22. g4 Bd7 23. Kf2 b5 24. Be2 bxa4 25. Qc2 Bb5 26. f4 Nd7 27. Bf3 c4
28. Qc3 Nc5 29. h4 Nd3+ 30. Kg3 Qe7 31. Qd4 Rc8 32. Ra3 c3 33. Bd1 c2 34. Bxc2
Rxc2 35. Rxd3 Bxd3 36. Qxd3 Rb2 37. Kf3 Rb3 38. Qd4 Qb7 39. h5 Rb4 40. Qd2 Rb2
41. Qd3 Qb5 42. Rd1 a3 43. hxg6 hxg6 44. Qxa3 Qe2+ 45. Ke4 Rb8 46. Rc1 Re8+ 47.
Kd4 Qd2+ 48. Qd3 Qxc1 49. e4 Qc5# 0-1

[Event "Montreal CC-ch"]
[Site "Montreal CAN"]
[Date "2013.06.16"]
[Round "5"]
[White "Chiku-Ratte, Olivier-Kenta"]
[Black "Lopez Linares, Lizandro"]
[Result "1/2-1/2"]
[WhiteElo "2232"]
[BlackElo "2041"]
[PlyCount "95"]
[EventDate "2013.06.14"]
[EventType "swiss"]
[EventRounds "5"]
[EventCountry "CAN"]

1. d4 d5 2. c4 c6 3. Nf3 Nf6 4. Nc3 dxc4 5. a4 Bf5 6. Ne5 Nbd7 7. Nxc4 Nb6 8.
Ne5 a5 9. g3 e6 10. Bg2 Bb4 11. O-O O-O 12. e3 h6 13. Qe2 Bh7 14. Rd1 Qe7 15.
Nc4 Nxc4 16. Qxc4 Rfd8 17. Ne2 Qc7 18. b3 Rd7 19. Bd2 Bxd2 20. Rxd2 Qb6 21.
Rad1 Rad8 22. Nc3 Nd5 23. Ne4 Bxe4 24. Bxe4 Nb4 25. Bg2 Kf8 26. h4 Nd5 27. e4
Nf6 28. e5 Nd5 29. Be4 Nb4 30. Bb1 Rd5 31. Be4 R5d7 32. Bf3 Nd5 33. Qd3 Kg8 34.
Qc4 Nb4 35. Be4 Nd5 36. Bb1 Nb4 37. Qc3 Kf8 38. h5 Ke7 39. Qe3 Nd5 40. Qd3 Rh8
41. Rc1 Nb4 42. Qe4 Nd5 43. Qd3 Kd8 44. Kh2 Kc8 45. Qc4 Kb8 46. Be4 Rhd8 47.
Rcd1 Nb4 48. Kg2 1/2-1/2

[Event "Mercredi 2013.15.05 ABCD"]
[Site "Montreal CAN"]
[Date "2013.05.15"]
[Round "1"]
[White "Chiku-Ratte, Olivier-Kenta"]
[Black "Boudreau, Daniel"]
[Result "1-0"]
[WhiteElo "2233"]
[BlackElo "2085"]
[PlyCount "65"]
[EventDate "2013.05.15"]
[EventType "tourn"]
[EventRounds "5"]
[EventCountry "CAN"]

1. d4 Nf6 2. c4 e6 3. Nc3 c5 4. d5 exd5 5. cxd5 d6 6. e4 g6 7. f4 Bg7 8. Nf3
Bg4 9. Be2 Bxf3 10. Bxf3 O-O 11. O-O Re8 12. h3 a6 13. g4 Nfd7 14. g5 h6 15. h4
f6 16. Bg4 Nf8 17. gxh6 Bxh6 18. f5 Bg7 19. fxg6 f5 20. Bg5 Bf6 21. Rxf5 Bxg5
22. Rxg5 Nbd7 23. Bf5 Ne5 24. Qe2 b5 25. Kh1 b4 26. Na4 c4 27. Rag1 Rc8 28. g7
Nfd7 29. Qh5 Nf6 30. Qh8+ Kf7 31. g8=Q+ Rxg8 32. Be6+ Ke7 33. Rg7+ 1-0

[Event "Mercredi 2013.15.05 ABCD"]
[Site "Montreal CAN"]
[Date "2013.05.22"]
[Round "2"]
[White "Levkovsky, Alexandre"]
[Black "Chiku-Ratte, Olivier-Kenta"]
[Result "1/2-1/2"]
[WhiteElo "2284"]
[BlackElo "2233"]
[PlyCount "68"]
[EventDate "2013.05.15"]
[EventType "tourn"]
[EventRounds "5"]
[EventCountry "CAN"]

1. d4 Nf6 2. c4 c5 3. d5 e6 4. Nc3 exd5 5. cxd5 d6 6. Nf3 g6 7. Bf4 a6 8. a4
Bg7 9. h3 O-O 10. e3 Re8 11. Be2 Ne4 12. Nxe4 Rxe4 13. Ra2 Rb4 14. b3 Qe7 15.
O-O Nd7 16. Bc4 Nb6 17. Nd2 Be5 18. Bxe5 Qxe5 19. a5 Nd7 20. Nf3 Qe7 21. Qa1 b5
22. axb6 Rxb6 23. e4 Qf6 24. Qxf6 Nxf6 25. e5 dxe5 26. Nxe5 Rd6 27. Ra5 Bb7 28.
Rxc5 Bxd5 29. Rd1 Rad8 30. Rc7 Ne8 31. Ra7 Bxc4 32. Rxd6 Nxd6 33. bxc4 Rc8 34.
Rxa6 Nxc4 1/2-1/2

[Event "Mercredi 2013.15.05 ABCD"]
[Site "Montreal CAN"]
[Date "2013.06.05"]
[Round "4"]
[White "Chiku-Ratte, Olivier-Kenta"]
[Black "Tremblay, Alain"]
[Result "1-0"]
[WhiteElo "2233"]
[BlackElo "2122"]
[PlyCount "75"]
[EventDate "2013.05.15"]
[EventType "tourn"]
[EventRounds "5"]
[EventCountry "CAN"]

1. d4 e6 2. c4 d5 3. Nc3 c5 4. cxd5 exd5 5. Nf3 Nc6 6. g3 Nf6 7. Bg2 Be7 8. O-O
O-O 9. Bg5 c4 10. Ne5 Bf5 11. b3 cxb3 12. Nxc6 bxc6 13. axb3 Re8 14. Na4 Rb8
15. Rc1 Qd7 16. Nc5 Bxc5 17. Rxc5 Ne4 18. Bxe4 Rxe4 19. e3 Rb6 20. f3 Re8 21.
g4 Bg6 22. Qc1 Qb7 23. Rc3 Re6 24. Qa3 h6 25. Bf4 Rb5 26. Ra1 a5 27. Rac1 f6
28. h4 h5 29. gxh5 Bxh5 30. Kf2 Qb6 31. Bd6 Qb7 32. Rxc6 Rxb3 33. Qxa5 Rbxe3
34. Qxd5 Qd7 35. Qxh5 Re2+ 36. Kg3 Re8 37. Qd5+ Kh8 38. Rc7 1-0

[Event "Mercredi 2013.15.05 ABCD"]
[Site "Montreal CAN"]
[Date "2013.06.12"]
[Round "5"]
[White "Cloutier, Mathieu"]
[Black "Chiku-Ratte, Olivier-Kenta"]
[Result "1-0"]
[WhiteElo "2103"]
[BlackElo "2233"]
[PlyCount "55"]
[EventDate "2013.05.15"]
[EventType "tourn"]
[EventRounds "5"]
[EventCountry "CAN"]

1. e4 c5 2. Nf3 d6 3. d4 cxd4 4. Nxd4 Nf6 5. Nc3 g6 6. Be3 Bg7 7. f3 Nc6 8. Bc4
Bd7 9. Qd2 O-O 10. h4 h5 11. O-O-O Rc8 12. Bb3 Ne5 13. Bg5 Rc5 14. Kb1 Re8 15.
g4 hxg4 16. h5 Nxh5 17. Rxh5 gxh5 18. Qh2 Qa5 19. Qxh5 Ng6 20. f4 e6 21. f5
exf5 22. Qxg6 Be6 23. Nxe6 fxg6 24. Nxc5+ Kh7 25. Rh1+ Bh6 26. Bxh6 d5 27. Bxd5
g5 28. Bf7 1-0

[Event "McGill op"]
[Site "Montreal CAN"]
[Date "2013.05.03"]
[Round "1"]
[White "Chiku-Ratte, Olivier-Kenta"]
[Black "Libersan, Thierry"]
[Result "1-0"]
[WhiteElo "2222"]
[BlackElo "2026"]
[PlyCount "47"]
[EventDate "2013.05.03"]
[EventType "swiss"]
[EventRounds "5"]
[EventCountry "CAN"]

1. d4 Nf6 2. c4 g6 3. Nc3 Bg7 4. e4 O-O 5. f4 d6 6. Nf3 c5 7. d5 e6 8. Be2 exd5
9. cxd5 b5 10. e5 dxe5 11. fxe5 Ng4 12. Bg5 Qb6 13. O-O Nxe5 14. Nxe5 Bxe5 15.
Be7 Re8 16. d6 Be6 17. Bf3 Bxc3 18. bxc3 Nc6 19. Bf6 Bc4 20. d7 Re6 21. Bxc6
Qxc6 22. d8=Q+ Rxd8 23. Qxd8+ Re8 24. Rfd1 1-0

[Event "McGill op"]
[Site "Montreal CAN"]
[Date "2013.05.04"]
[Round "2"]
[White "Chiku-Ratte, Olivier-Kenta"]
[Black "MacKinnon, Keith"]
[Result "1-0"]
[WhiteElo "2222"]
[BlackElo "2297"]
[PlyCount "63"]
[EventDate "2013.05.03"]
[EventType "swiss"]
[EventRounds "5"]
[EventCountry "CAN"]

1. d4 Nf6 2. c4 c5 3. d5 b5 4. cxb5 a6 5. b6 d6 6. Nc3 g6 7. a4 a5 8. e4 Bg7 9.
f4 Nbd7 10. Bb5 O-O 11. Nf3 Nxb6 12. O-O Ne8 13. Re1 Nc7 14. Qd3 Bb7 15. Nd2 f5
16. Nf3 Kh8 17. Bc6 Bxc6 18. dxc6 Na6 19. Ng5 Qc8 20. Qh3 h6 21. Nd5 Nxd5 22.
exd5 Nb4 23. Ne6 Nxd5 24. Nxf8 Bxf8 25. Bd2 Qxc6 26. Re6 Kh7 27. Qg3 Qe8 28.
Rae1 Ra6 29. Qf3 Qc6 30. Qg3 Qe8 31. Qb3 Qc6 32. Rxe7+ 1-0

[Event "McGill op"]
[Site "Montreal CAN"]
[Date "2013.05.05"]
[Round "3"]
[White "Sambuev, Bator"]
[Black "Chiku-Ratte, Olivier-Kenta"]
[Result "1-0"]
[WhiteElo "2676"]
[BlackElo "2222"]
[PlyCount "83"]
[EventDate "2013.05.03"]
[EventType "swiss"]
[EventRounds "5"]
[EventCountry "CAN"]

1. d4 Nf6 2. Nf3 c5 3. e3 b6 4. Bd3 Bb7 5. O-O g6 6. c4 e6 7. Nc3 Bg7 8. b3 O-O
9. Ba3 d6 10. Rc1 Nc6 11. Qe2 a6 12. Rfd1 Qc7 13. Bb1 Rad8 14. h3 Rfe8 15. Qd2
Rd7 16. Bb2 Ne7 17. e4 cxd4 18. Nxd4 Qb8 19. Qe3 Red8 20. Rd2 d5 21. cxd5 exd5
22. e5 Ne4 23. f4 Nxd2 24. Qxd2 Nc6 25. Na4 Qc7 26. Nxc6 Bxc6 27. Bd4 Qb7 28.
Nxb6 Re7 29. a4 Be8 30. Bd3 Re6 31. a5 Bb5 32. Bxb5 axb5 33. Qd3 Rc6 34. Rf1
Qa6 35. b4 Bf8 36. f5 Bg7 37. e6 Bxd4+ 38. Qxd4 fxe6 39. fxg6 Rc7 40. Qf6 Rb8
41. Qxe6+ Kh8 42. Qe5+ 1-0

[Event "McGill op"]
[Site "Montreal CAN"]
[Date "2013.05.05"]
[Round "4"]
[White "Kraiouchkine, Nikita"]
[Black "Chiku-Ratte, Olivier-Kenta"]
[Result "1-0"]
[WhiteElo "2343"]
[BlackElo "2222"]
[PlyCount "39"]
[EventDate "2013.05.03"]
[EventType "swiss"]
[EventRounds "5"]
[EventCountry "CAN"]

1. Nf3 c5 2. e3 Nf6 3. b3 g6 4. Bb2 Bg7 5. d4 b6 6. c4 Bb7 7. d5 e6 8. e4 d6 9.
Bd3 O-O 10. O-O Nxe4 11. Bxg7 Nxf2 12. Rxf2 Kxg7 13. dxe6 fxe6 14. Nc3 d5 15.
Qd2 Qd6 16. Re1 Nd7 17. Nb5 Qc6 18. cxd5 exd5 19. Re7+ Kg8 20. Qh6 1-0

[Event "McGill op"]
[Site "Montreal CAN"]
[Date "2013.05.05"]
[Round "5"]
[White "Chiku-Ratte, Olivier-Kenta"]
[Black "Cardona, Misael"]
[Result "1-0"]
[WhiteElo "2222"]
[BlackElo "2096"]
[PlyCount "109"]
[EventDate "2013.05.03"]
[EventType "swiss"]
[EventRounds "5"]
[EventCountry "CAN"]

1. d4 f5 2. Nc3 Nf6 3. Bg5 d5 4. Bxf6 exf6 5. e3 c6 6. Bd3 Bd6 7. Qf3 g6 8.
Nge2 Be6 9. Nf4 Bf7 10. O-O-O Qc7 11. h3 Nd7 12. g4 fxg4 13. hxg4 O-O-O 14. Rh3
Nf8 15. Rdh1 Rg8 16. Nfe2 Be7 17. Kb1 Rg7 18. e4 Ne6 19. Qe3 Ng5 20. Rh6 dxe4
21. Nxe4 Nxe4 22. Bxe4 Bg8 23. c3 Kb8 24. Bc2 Bf8 25. R6h3 Re7 26. Qd2 Bd5 27.
Re1 Rde8 28. Bd3 b5 29. b3 Ka8 30. Rg3 Re6 31. Rf1 Bd6 32. Re3 Qe7 33. Rxe6
Qxe6 34. g5 fxg5 35. Kb2 Qe7 36. Ng3 Bf4 37. Qd1 Qf6 38. Re1 Rxe1 39. Qxe1 b4
40. Ne4 Qe6 41. cxb4 Kb8 42. f3 h5 43. b5 h4 44. bxc6 Bxc6 45. Qb4+ Kc7 46.
Qa5+ Kb8 47. Qb4+ Kc7 48. Bc4 Qd7 49. d5 Bb7 50. Nc5 Qc8 51. Nxb7 Qxb7 52. Qe7+
Kb6 53. d6 Qc6 54. d7 Bc7 55. Qb4+ 1-0

[Event "Ahuntsic"]
[Site "Montreal CAN"]
[Date "2013.04.07"]
[Round "3"]
[White "Bolduc, Steve"]
[Black "Chiku-Ratte, Olivier-Kenta"]
[Result "0-1"]
[WhiteElo "2041"]
[BlackElo "1856"]
[PlyCount "98"]
[EventDate "2013.04.07"]
[EventType "swiss (rapid)"]
[EventRounds "5"]
[EventCountry "CAN"]

1. d4 Nf6 2. c4 c5 3. d5 e6 4. Nc3 exd5 5. cxd5 d6 6. e4 g6 7. Bg5 Bg7 8. h3 h6
9. Bh4 a6 10. a4 O-O 11. Bd3 Re8 12. Nge2 Nbd7 13. O-O Qc7 14. Kh1 c4 15. Bc2
Nc5 16. f3 b6 17. Nd4 Bd7 18. Qd2 g5 19. Bg3 Nh5 20. Bh2 Nd3 21. Bxd3 Bxd4 22.
Bc2 Qc5 23. Rae1 Be5 24. Bxe5 dxe5 25. Kh2 Qd6 26. Nd1 b5 27. Ne3 Rac8 28. g3
b4 29. Bd1 c3 30. bxc3 bxc3 31. Qg2 Qg6 32. Bc2 Rb8 33. Rb1 Qd6 34. Qe2 Qc5 35.
Rfe1 Rb2 36. Rxb2 cxb2 37. Qxa6 Qc3 38. Qe2 Rb8 39. Rb1 Qa3 40. Nc4 Qa2 41. Bd3
Qxa4 42. Rxb2 Rxb2 43. Qxb2 Qd1 44. Qe2 Qa1 45. Nb6 Bxh3 46. Kxh3 Qh1+ 47. Qh2
Qxf3 48. Qg1 Nf4+ 49. Kh2 Qh5# 0-1